<?xml version="1.0" encoding="UTF-8"?>
<record
    xmlns:xsi="http://www.w3.org/2001/XMLSchema-instance"
    xsi:schemaLocation="http://www.loc.gov/MARC21/slim http://www.loc.gov/standards/marcxml/schema/MARC21slim.xsd"
    xmlns="http://www.loc.gov/MARC21/slim">

  <leader>00884nam a22002417a 4500</leader>
  <datafield tag="999" ind1=" " ind2=" ">
    <subfield code="c">6034</subfield>
    <subfield code="d">6034</subfield>
  </datafield>
  <controlfield tag="003">OSt</controlfield>
  <controlfield tag="005">20231121120232.0</controlfield>
  <controlfield tag="008">130402c2010    sp a|||| |||| 00| 0 cat d</controlfield>
  <datafield tag="040" ind1=" " ind2=" ">
    <subfield code="c">CDMR</subfield>
    <subfield code="b">cat</subfield>
  </datafield>
  <datafield tag="245" ind1="0" ind2="0">
    <subfield code="a">Anuari M&#xE8;dia.cat</subfield>
    <subfield code="b">: els silencis medi&#xE0;tics de ... </subfield>
    <subfield code="c">/ Grup de Periodistes Ramon Barnils</subfield>
  </datafield>
  <datafield tag="260" ind1=" " ind2=" ">
    <subfield code="a">Barcelona : </subfield>
    <subfield code="b">M&#xE8;dia.cat, </subfield>
    <subfield code="c">DL 2011 -</subfield>
  </datafield>
  <datafield tag="310" ind1=" " ind2=" ">
    <subfield code="a">Anual</subfield>
  </datafield>
  <datafield tag="362" ind1="0" ind2=" ">
    <subfield code="a">2011-</subfield>
  </datafield>
  <datafield tag="500" ind1=" " ind2=" ">
    <subfield code="a">Canvien el DL a cada vol.</subfield>
  </datafield>
  <datafield tag="500" ind1=" " ind2=" ">
    <subfield code="a">Publicat sota els auspicis de: Grup de Periodistes Ramon barnils</subfield>
  </datafield>
  <datafield tag="650" ind1="0" ind2="4">
    <subfield code="9">405</subfield>
    <subfield code="a">Mitjans de comunicaci&#xF3; de massa</subfield>
    <subfield code="x">Censura</subfield>
    <subfield code="z">Espanya</subfield>
  </datafield>
  <datafield tag="650" ind1="0" ind2="7">
    <subfield code="9">405</subfield>
    <subfield code="a">Mitjans de comunicaci&#xF3; de massa</subfield>
    <subfield code="x">Revistes</subfield>
    <subfield code="z">Espanya</subfield>
  </datafield>
  <datafield tag="700" ind1="1" ind2=" ">
    <subfield code="9">3344</subfield>
    <subfield code="a">Pal&#xE0;, Roger</subfield>
    <subfield code="e">ed.</subfield>
  </datafield>
  <datafield tag="700" ind1="1" ind2=" ">
    <subfield code="9">3345</subfield>
    <subfield code="a">Picazo, Sergi</subfield>
    <subfield code="e">ed.</subfield>
  </datafield>
  <datafield tag="710" ind1="2" ind2=" ">
    <subfield code="9">2397</subfield>
    <subfield code="a">Grup de Periodistes Ramon Barnils</subfield>
  </datafield>
  <datafield tag="856" ind1="4" ind2="0">
    <subfield code="u">http://www.media.cat/anuari/descarregues/</subfield>
    <subfield code="z">Acc&#xE9;s lliure</subfield>
  </datafield>
  <datafield tag="942" ind1=" " ind2=" ">
    <subfield code="c">SER</subfield>
    <subfield code="2">udc</subfield>
  </datafield>
  <datafield tag="952" ind1=" " ind2=" ">
    <subfield code="0">0</subfield>
    <subfield code="1">0</subfield>
    <subfield code="4">0</subfield>
    <subfield code="7">0</subfield>
    <subfield code="a">CDMR</subfield>
    <subfield code="b">CDMR</subfield>
    <subfield code="d">2013-01-16</subfield>
    <subfield code="e">Intercanvi</subfield>
    <subfield code="h">2010 -</subfield>
    <subfield code="l">0</subfield>
    <subfield code="o">Bb</subfield>
    <subfield code="r">2013-09-25</subfield>
    <subfield code="w">2013-09-25</subfield>
    <subfield code="y">SER</subfield>
  </datafield>
  <datafield tag="952" ind1=" " ind2=" ">
    <subfield code="0">0</subfield>
    <subfield code="1">0</subfield>
    <subfield code="4">0</subfield>
    <subfield code="7">0</subfield>
    <subfield code="a">GIRONA</subfield>
    <subfield code="b">GIRONA</subfield>
    <subfield code="d">2015-07-28</subfield>
    <subfield code="l">0</subfield>
    <subfield code="o">Bb 280</subfield>
    <subfield code="p">GIRONA15070157</subfield>
    <subfield code="r">2015-07-28</subfield>
    <subfield code="w">2015-07-28</subfield>
    <subfield code="y">MON</subfield>
  </datafield>
  <datafield tag="952" ind1=" " ind2=" ">
    <subfield code="0">0</subfield>
    <subfield code="1">0</subfield>
    <subfield code="4">0</subfield>
    <subfield code="7">0</subfield>
    <subfield code="a">GIRONA</subfield>
    <subfield code="b">GIRONA</subfield>
    <subfield code="d">2016-06-15</subfield>
    <subfield code="h">2012</subfield>
    <subfield code="l">0</subfield>
    <subfield code="o">Bb 127</subfield>
    <subfield code="p">GIRONA1406301244</subfield>
    <subfield code="r">2016-06-15</subfield>
    <subfield code="w">2016-06-15</subfield>
    <subfield code="y">SER</subfield>
  </datafield>
  <datafield tag="952" ind1=" " ind2=" ">
    <subfield code="0">0</subfield>
    <subfield code="1">0</subfield>
    <subfield code="4">0</subfield>
    <subfield code="7">0</subfield>
    <subfield code="a">GIRONA</subfield>
    <subfield code="b">GIRONA</subfield>
    <subfield code="d">2016-06-15</subfield>
    <subfield code="h">2013</subfield>
    <subfield code="l">0</subfield>
    <subfield code="o">Bb 164</subfield>
    <subfield code="p">GIRONA1406301238</subfield>
    <subfield code="r">2016-06-15</subfield>
    <subfield code="w">2016-06-15</subfield>
    <subfield code="y">SER</subfield>
  </datafield>
  <datafield tag="952" ind1=" " ind2=" ">
    <subfield code="0">0</subfield>
    <subfield code="1">0</subfield>
    <subfield code="4">0</subfield>
    <subfield code="7">0</subfield>
    <subfield code="a">LLEIDA</subfield>
    <subfield code="b">LLEIDA</subfield>
    <subfield code="d">2016-06-15</subfield>
    <subfield code="h">2013</subfield>
    <subfield code="l">0</subfield>
    <subfield code="o">776 ANU</subfield>
    <subfield code="p">LLEIDA1406301248</subfield>
    <subfield code="r">2016-06-15</subfield>
    <subfield code="w">2016-06-15</subfield>
    <subfield code="y">SER</subfield>
  </datafield>
  <datafield tag="952" ind1=" " ind2=" ">
    <subfield code="0">0</subfield>
    <subfield code="1">0</subfield>
    <subfield code="4">0</subfield>
    <subfield code="7">0</subfield>
    <subfield code="a">CDMR</subfield>
    <subfield code="b">CDMR</subfield>
    <subfield code="d">2019-04-09</subfield>
    <subfield code="e">Intercanvi</subfield>
    <subfield code="h">2018</subfield>
    <subfield code="l">2</subfield>
    <subfield code="m">1</subfield>
    <subfield code="o">Bb</subfield>
    <subfield code="p">CDMR19040002</subfield>
    <subfield code="r">2019-07-04</subfield>
    <subfield code="s">2019-06-03</subfield>
    <subfield code="w">2019-04-09</subfield>
    <subfield code="y">SER</subfield>
  </datafield>
  <datafield tag="952" ind1=" " ind2=" ">
    <subfield code="0">0</subfield>
    <subfield code="1">0</subfield>
    <subfield code="4">0</subfield>
    <subfield code="7">0</subfield>
    <subfield code="a">CDMR</subfield>
    <subfield code="b">CDMR</subfield>
    <subfield code="d">2020-03-22</subfield>
    <subfield code="e">Intercanvi</subfield>
    <subfield code="h">2019</subfield>
    <subfield code="l">1</subfield>
    <subfield code="o">Bb</subfield>
    <subfield code="p">CDMR20040001</subfield>
    <subfield code="r">2021-01-26</subfield>
    <subfield code="s">2020-12-23</subfield>
    <subfield code="w">2020-04-22</subfield>
    <subfield code="y">SER</subfield>
  </datafield>
  <datafield tag="952" ind1=" " ind2=" ">
    <subfield code="0">0</subfield>
    <subfield code="1">0</subfield>
    <subfield code="4">0</subfield>
    <subfield code="7">0</subfield>
    <subfield code="a">CDMR</subfield>
    <subfield code="b">CDMR</subfield>
    <subfield code="d">2021-05-25</subfield>
    <subfield code="h">2020</subfield>
    <subfield code="l">0</subfield>
    <subfield code="o">Bb</subfield>
    <subfield code="p">CDMR21051269</subfield>
    <subfield code="r">2021-05-25</subfield>
    <subfield code="w">2021-05-25</subfield>
    <subfield code="y">SER</subfield>
  </datafield>
  <datafield tag="952" ind1=" " ind2=" ">
    <subfield code="0">0</subfield>
    <subfield code="1">0</subfield>
    <subfield code="4">0</subfield>
    <subfield code="7">0</subfield>
    <subfield code="a">CDMR</subfield>
    <subfield code="b">CDMR</subfield>
    <subfield code="d">2024-06-04</subfield>
    <subfield code="h">2022-2023</subfield>
    <subfield code="l">0</subfield>
    <subfield code="o">Bb</subfield>
    <subfield code="r">2024-06-04</subfield>
    <subfield code="w">2024-06-04</subfield>
    <subfield code="y">SER</subfield>
  </datafield>
  <datafield tag="952" ind1=" " ind2=" ">
    <subfield code="0">0</subfield>
    <subfield code="1">0</subfield>
    <subfield code="4">0</subfield>
    <subfield code="7">0</subfield>
    <subfield code="a">CDMR</subfield>
    <subfield code="b">CDMR</subfield>
    <subfield code="d">2024-06-04</subfield>
    <subfield code="h">2023-2024</subfield>
    <subfield code="l">0</subfield>
    <subfield code="o">Bb</subfield>
    <subfield code="r">2024-06-04</subfield>
    <subfield code="w">2024-06-04</subfield>
    <subfield code="y">SER</subfield>
  </datafield>
  <datafield tag="952" ind1=" " ind2=" ">
    <subfield code="0">0</subfield>
    <subfield code="1">0</subfield>
    <subfield code="4">0</subfield>
    <subfield code="7">0</subfield>
    <subfield code="a">CDMR</subfield>
    <subfield code="b">CDMR</subfield>
    <subfield code="d">2025-05-29</subfield>
    <subfield code="e">Donaci&#xF3;</subfield>
    <subfield code="g">20.00</subfield>
    <subfield code="h">2024-2025</subfield>
    <subfield code="l">0</subfield>
    <subfield code="o">Bb</subfield>
    <subfield code="p">CDMR25061257</subfield>
    <subfield code="r">2025-05-29</subfield>
    <subfield code="w">2025-05-29</subfield>
    <subfield code="y">SER</subfield>
  </datafield>
</record>
